| 000 | 00735nam a2200229 a 4500 | ||
|---|---|---|---|
| 001 | 39889 | ||
| 003 | BD-RjUL | ||
| 005 | 20211209053100.0 | ||
| 008 | 160419s1973 bg |||| |||| 00| 0 ben d | ||
| 020 | _c: Tk. 5.00 | ||
| 035 | _a(BD-RjUL)40003 | ||
| 040 |
_aBD-RjUL _bben _cBD-RjUL |
||
| 041 | _aben | ||
| 082 |
_223 _a201.7 _bISS 1973 |
||
| 100 |
_aইসলাম, মাহমুদা _9122887 |
||
| 245 | 1 | 0 |
_aসমাজ ও ধর্ম / _cমাহমুদা ইসলাম |
| 260 |
_aঢাকা : _bবাংলা একাডেমী, _c১৯৭৩ |
||
| 300 |
_a১০৩ পৃ. ; _c২১ সেমি. |
||
| 650 | _2ধর্ম ও সমাজ | ||
| 650 |
_aReligion & Sociology _9122888 |
||
| 942 |
_2ddc _cBK |
||
| 999 |
_c39889 _d39889 |
||